Statistiques concernant Culture Pokémon (jeu vidéo)

Cliquez ici pour prendre le quiz!

Statistiques générales

  • Ce quiz a été pris 356 fois
    (323 depuis la dernière actualisation)
  • Le résultat moyen est 26 sur 74

Statistiques - réponses

HintRéponse% Correct
Combien de types de Pokémon étaient présents dans la première génération ?15
93%
Quel est le premier Pokémon de la cinquième génération ?Victini
71%
Quel est le seul Pokémon de type Eau-Acier ?Pingoléon
67%
Quelle est l'attaque phare de Dialga ?Hurle-Temps
64%
Quelle est l'attaque phare d'Arceus ?Jugement
64%
Quel Pokémon dispose de la plus haute statistique de PV (Légendaire et Méga-Evolution non compris) ?Leuphorie
64%
Quel Pokémon dispose de la plus haute statistique de Défense et de Défense Spéciale (Légendaire et Méga-Evolution non compris) ?Caratroc
58%
Quelle est l'attaque phare de Palkia ?Spatio-Rift
57%
En prenant en compte les îles événementielles, combien d'îles composent l'archipel des îles Sévii ?9
56%
Quelle est l'attaque phare de Lugia ?Aéroblast
55%
Quelle attaque permet de retirer les entry hazards de tout le terrain ?Anti-brume
54%
Quelle est l'attaque phare de Darkrai ?Trou Noir
54%
Quelle attaque permet de retirer les entry hazards (piège de roc...) du côté de l'utilisateur ?Tour Rapide
50%
Quel type ne possède qu'une unique faiblesse ?Normal
49%
Combien coûte une bicyclette au Cycles à gogo (première génération) ?1 000 000
47%
Quelle est l'attaque phare de Rayquaza ?Draco Ascension
47%
Quel est le plus grand des Pokémon ?Wailord
47%
Quelle est l'attaque phare de Exagide ?Bouclier Royal
46%
Quelle est l'attaque phare d'Yveltal ?Mort-Ailes
46%
Quelle est l'attaque phare de Giratina ?Revenant
46%
Quelle est l'attaque phare de la famille évolutive d'Osselait ?Osmerang
45%
Quelle est l'attaque phare de Keldeo ?Lame Ointe
44%
Quelle est l'attaque phare de Queulorior ?Gribouille
43%
Quel type ne possède qu'une unique faiblesse ?Electrik
41%
Quelle est l'attaque phare de Groudon ?Lame Pangéenne
41%
Quel Pokémon possède la plus grande moyenne de statistiques (légendaires et méga-évolutions non compris) ?Monaflémit
41%
Quel Pokémon légendaire est plus petit que sa pré-évolution ?Cosmovum
40%
Quelle est l'attaque phare de Heatran ?Vortex Magma
40%
Quelle est l'attaque phare de Frison ?Peignée
39%
Quelle est l'attaque phare de Kyogre ?Onde Originelle
38%
Quel Pokémon dispose de la plus haute statistique de Vitesse (Légendaire et Méga-Evolution non compris) ?Ninjask
37%
Quelle est l'attaque phare de Félinferno ?Dark Lariat
35%
Quelle est l'attaque phare de Xerneas ?Geo-Contrôle
34%
Quelle est l'attaque phare de Zygarde ?Myria-Flèches
34%
Comment d'appelle le professeur Pokémon dans la cinquième génération ?Professeur Keteleeria
34%
Quel Pokémon possède le plus de formes différentes ?Zarbi
34%
Qui était la rivale du professeur Chen lorsqu'ils étaient jeunes ?Agatha
33%
Quelle est l'attaque phare de Kyurem Noir ?Eclair Gelé
33%
Comment s'appelle le mentor de Marc, maître de la Ligue Pokémon (Pokémon version Emeraude)Juan
33%
Quelle est l'attaque phare de Deoxys ?Psycho Boost
31%
Quelle est l'attaque phare d'Archéduc ?Tisse Ombre
31%
Quelle est l'attaque phare de Magearna ?Canon Floral
30%
Quel Pokémon dispose de la plus haute statistique d'attaque (Légendaire et Méga-Evolution non compris) ?Charkos
29%
Quelle est l'attaque phare de Pierroteknik ?Caboche-Kaboum
28%
Quelle est l'attaque phare de Jirachi ?Carnareket
28%
Quelle est l'attaque phare de la famille évolutive de Porygon ?Conversion
28%
Quel est le plus faible des Pokémon légendaires ?Cosmog
28%
Quelle est l'attaque phare de Shaymin ?Fulmigraine
28%
Quelle est l'attaque phare de Volcanion ?Jet de Vapeur
28%
Quelle est l'attaque phare de Reshiram ?Flamme Bleue
26%
Quelle est l'attaque phare des gardiens d'Alola ?Ire de la Nature
26%
Quelle est l'attaque phare de la famille évolutive d'Osselait ?Massd'Os
26%
Quelle est l'attaque phare d'Oratoria ?Aria de l'écume
24%
Quelle est l'attaque phare de Kyurem Blanc ?Feu Glacé
24%
Quelle est l'attaque phare de Silvallié ?Coup Varia-Type
23%
Quelle est l'attaque phare de Diancie ?Orage Adamantin
23%
Quelle est l'attaque phare de la famille évolutive de Tic ?Lancécrou
22%
Quelle est l'attaque phare de Meloetta ?Chant Antique
21%
Quelle est l'attaque phare de Marshadow ?Clepto-Mânes
21%
Quelle est l'attaque phare de Kyurem ?Ere glaciaire
21%
Quelle est l'attaque phare de Zygarde ?Myria-Vagues
21%
Quelle est l'attaque phare de Cresselia ?Danse-Lune
20%
Quelle est l'attaque phare de Necrozma ?Laser Prisme
20%
Quelle est l'attaque phare de Regigigas ?Presse
19%
Quelle est l'attaque phare de Victini ?Incendie
18%
Quelle est l'attaque phare de Necrozma ?Photo-Geyser
18%
Quelle est l'attaque phare de Zekrom ?Charge Foudre
16%
Quelle est l'attaque phare de Zygarde ?Force Chtonienne
16%
Quelle est l'attaque phare de Zygarde ?Sanction Suprême
16%
Quelle est l'attaque phare de Genesect ?Techno-Buster
16%
Quelle est l'attaque phare de Hoopa ?Trou Dimensionnel
16%
Quelle est l'attaque phare de Hoopa ?Furie Dimension
14%
Quel est le seul Pokémon non légendaire plus petit que sa pré-évolution ?Joliflor
11%
Quel Pokémon dispose de la plus haute statistique d'Attaque Spéciale (Légendaire et Méga-Evolution non compris) ?Amphinobi (forme Sacha)
7%

Distribution des résultats

Percentile par nombre de réponses

% des personnes avec chaque résultat

Votre développement - résultats

Vous n’avez pas pris ce quiz depuis la dernière actualisation